Koniec jednej legendy

Podrobná bibliografia
Hlavný autor: Holý, Igor (Autor)
Médium: Článok
Jazyk:slovenčina
Predmet:

MARC

LEADER 00000nab a2200000 a 4500
001 vtls000472101
003 SK-MaSNL
005 20260303200859.0
008 120926c1992 xo 0 slo
015 |a SNBRB19rr/mm-uuuuu 
035 |a CL0472234 
040 |a SNKBUCL  |b slo  |c SNKBUCL  |e AACR2 
041 0 |a slo 
044 |a xo  |c SK 
080 |a 329.11/.12(437.6)ODÚ  |2 1981 
100 1 |a Holý, Igor  |4 aut  |9 975120 
245 1 0 |a Koniec jednej legendy  |c Igor Holý 
610 2 7 |a Občianska demokratická únia (politická strana)  |2 snkbucl  |9 30988 
655 7 |a články z novín a časopisov  |2 snkbucl  |9 267496 
773 0 |t Patria  |g Roč. 1, č. 10 (1992), s. 3 
850 |a Slovenská národná knižnica v Martine  |a MTA001 
852 |a SNK  |b KIS3GCP 
958 |a RK 
992 |a RBX 
999 |c 2170366  |d 2172296